000 00561nam a2200217Ia 4500
003 OSt
005 20230617115336.0
008 210423s1999 xx 000 0 und d
040 _cAL
041 _aeng
082 _a361.3
_223
_bCHOI
100 _aCHOWDHRY (D Paul)
_999724
245 _aIntroduction to social work
260 _aDelhi
_bAtma ram and sons
_c1999
300 _a149
_bPB
365 _b65
_cINR
650 _aSocial Problems & Services
_999725
650 _aSocial Work
_999726
906 _aIntroduction ; social ; work
942 _2ddc
_cBK
999 _c171475
_d171475